Music Quiz

Random Music or Song Quiz

A-ha songs Quiz Stats

 Plays Quiz not verified by Sporcle

Score 0/110 Timer 09:00
0 Plays Today
% Correct
Take on Me
95.9%
Hunting High and Low
93.1%
The Sun Always Shines on T.V.
91.2%
Stay on These Roads
89%
Scoundrel Days
87.9%
Cry Wolf
85.4%
The Living Daylights
82.4%
Train of Thought
82.1%
Lifelines
81.3%
Manhattan Skyline
79.9%
Touchy!
79.9%
Crying in the Rain
79.1%
East of the Sun
78.8%
Memorial Beach
78.8%
I've Been Losing You
78.3%
Living a Boy's Adventure Tale
77.7%
Minor Earth Major Sky
76.9%
The Blue Sky
75.8%
Analogue
75.5%
Foot of the Mountain
75.3%
Summer Moved On
70.6%
The Swing of Things
69.8%
Love Is Reason
69.5%
October
69.5%
The Blood That Moves the Body
68.4%
You Are the One
67.9%
Out of Blue Comes Green
66.8%
Velvet
66.5%
Here I Stand and Face the Rain
65.9%
Move to Memphis
65.9%
Soft Rains of April
65.1%
We're Looking for the Whales
64.3%
Early Morning
64%
There's Never a Forever Thing
63.5%
I Call Your Name
63.5%
Dark Is the Night for All
63.5%
Celice
63.5%
% Correct
Maybe, Maybe
62.9%
Forever Not Yours
62.1%
And You Tell Me
59.6%
Slender Frame
59.1%
Sycamore Leaves
58.5%
The Weight of the Wind
58.2%
Angel in the Snow
58.2%
Dream Myself Alive
56.6%
This Alone Is Love
56%
(Seemingly) Nonstop July
56%
Locust
55.2%
Rolling Thunder
53.6%
Hurry Home
53%
The Bandstand
52.7%
Butterfly, Butterfly (The Last Hurrah)
52.7%
I Wish I Cared
52.5%
You'll End up Crying
52.2%
Cosy Prisons
50.8%
Shapes That Go Together
50.5%
Little Black Heart
50%
Mary Ellen Makes the Moment Count
50%
Between Your Mama and Yourself
48.9%
The Sun Never Shone That Day
47.3%
Dragonfly
47.3%
The Company Man
46.7%
Did Anyone Approach You?
46.2%
The Way We Talk
45.9%
Cold as Stone
45.9%
Shadowside
45.9%
You'll Never Get Over Me
45.6%
Oranges on Appletrees
45.3%
Lamb to the Slaughter
44.8%
Cold River
44.2%
Driftwood
42.9%
Waiting for Her
42.3%
Holy Ground
40.7%
I Won't Forget Her
39.8%
% Correct
Lie Down in Darkness
38.7%
Solace
38.5%
Riding the Crest
38.5%
Birthright
36%
How Sweet It Was
35.7%
Don't Do Me Any Favours
35.2%
To Let You Win
34.9%
Barely Hangin' On
34.3%
#9 Dream
34.1%
Start the Simulator
33.5%
Afternoon High
30.8%
Halfway Through the Tour
30.8%
Time and Again
30.5%
White Dwarf
30.5%
White Canvas
29.7%
Nothing Is Keeping You Here
28.8%
What There Is
27.2%
Summers of Our Youth
26.9%
Stop! And Make Your Mind Up
26.9%
Thought That It Was You
26.6%
Real Meaning
26.4%
Mother Nature Goes to Heaven
25.5%
You Wanted More
24.7%
Over the Treetops
23.9%
Sunny Mystery
23.4%
Less Than Pure
22.3%
Minor Key Sonata
22%
A Little Bit
21.4%
Cannot Hide
20.9%
There's a Reason for It
20.6%
Turn the Lights Down
20.6%
Fine Blue Line
20.6%
Differences
20.6%
Case Closed on Silver Shore
19.8%
Keeper of the Flame
19.5%
Make It Soon
18.4%

You're not logged in!

Compare scores with friends on all Sporcle quizzes.
OR
Log In

Sporcle TV

Today on Sporcle TV


Watch our educational content, quiz creation guides, and fun videos on Sporcle TV.

Show Comments

Extras

Created Oct 10, 2010ReportNominate
Tags:Song Quiz, a-ha

Top Quizzes Today


Score Distribution

Your Account Isn't Verified!

In order to create a playlist on Sporcle, you need to verify the email address you used during registration. Go to your Sporcle Settings to finish the process.

Report this User

Report this user for behavior that violates our Community Guidelines.

Details: